On This Day: June 24th II Quiz Stats

 Plays Quiz Updated Jun 24, 2018

Score 0/7 Timer 03:00
0 Plays Today
Question Answer Wrong Answers
The NFL team of this city changes its name from the Staleys to the Bears, which is still its nickname today.
1922
Chicago
93.7%
Detroit
2%
Green Bay
1.5%
Cleveland
2%
The US Senate votes overwhelmingly to repeal the Gulf of Tonkin Resolution, which when passed seven years before was seen as sanctioning war in ______.
1970
Vietnam
87.7%
South Korea
3.5%
North Korea
5%
Afghanistan
2.9%
Known as the ‘Volunteer State,’ this US state becomes the 11th and last state to secede from the Union.
1861
Tennessee
83%
South Carolina
6.2%
North Carolina
5%
Maryland
5.7%
The first major exhibit of this Spanish artist, known for his role in founding Cubism, opens in Paris when he is only 19 years old.
1901
Pablo Picasso
79.6%
Salvador Dalí
15.7%
Francisco Goya
2.8%
Claude Monet
1.7%
Following the Brexit vote whereby the UK voted to leave the European Union, ______ resigns as Britain’s prime minister.
2016
David Cameron
74.9%
Theresa May
11.1%
Tony Blair
10.7%
Margaret Thatcher
2.2%
This actress, who won an Academy Award for her role in ‘Coquette’ and was known as ‘America’s Sweetheart’ and ‘Queen of the Movies,’ becomes the first female movie star to sign a million dollar contract.
1916
Mary Pickford
69.7%
Marilyn Monroe
8%
Grace Kelly
17.5%
Lucille Ball
4.3%
President Franklin Pierce signs the Gadsden Purchase, transferring some 29,000 square miles in southwest North America from this country to the United States.
1853
Mexico
68.5%
Spain
17.7%
United Kingdom
4.7%
France
9.1%

You're not logged in!

Compare scores with friends on all Sporcle quizzes.
OR
Log In

Sporcle TV

Today on Sporcle TV


Watch our educational content, quiz creation guides, and fun videos on Sporcle TV.

Show Comments

Extras

Top Quizzes Today


Score Distribution

Your Account Isn't Verified!

In order to create a playlist on Sporcle, you need to verify the email address you used during registration. Go to your Sporcle Settings to finish the process.

Report this User

Report this user for behavior that violates our Community Guidelines.

Details: